00542nam a2200193Ia 450000500170000000800410001702000140005804000190007204100120009108200130010310000280011624500720014425000120021626000340022830000140026250400190027665000430029585000100033820230222092114.0131103s9999 xx 000 0 und d a198710291 aLoreto College aEnglish a821bBAT aBateson, F. W., 1901-78 aEnglish poetry and the English languagecFredericnoel Wilre Bateson a3rd ed. aOxfordbClarendon Pressc1973 axi,109p.  aIncludes index aEnglish Poetry - History and Criticism aLCLIB